| 000 | 00497nam a22001697a 4500 | ||
|---|---|---|---|
| 003 | BD-ChCU | ||
| 005 | 20251130110737.0 | ||
| 008 | 251130b bg ||||| |||| 00| 0 ben d | ||
| 040 | _cBD-ChCU | ||
| 082 | _a510 SPS | ||
| 100 |
_aSparks , Fred W. _917137 |
||
| 245 |
_aA survey of basic mathematics : _ba text and workbook for college students ./ _cFred W. , Sparks |
||
| 260 |
_aNew York : _bMcGraw - hill _cC 1965 |
||
| 300 | _axi , 422p | ||
| 650 | 0 |
_aMathematics. _917140 |
|
| 942 |
_2ddc _cBK _n0 |
||
| 999 |
_c109958 _d109958 |
||